Catholic University of Zimbabwe Library
Online Public Access Catalogue
(OPAC)

dictionary of terms and techniques in archaeology (Record no. 10542)

MARC details
000 -LEADER
fixed length control field 00397 a2200133 4500
020 ## - INTERNATIONAL STANDARD BOOK NUMBER
International Standard Book Number 0714821179
005 - DATE AND TIME OF LATEST TRANSACTION
control field 20191017173639.0
084 ## - OTHER CLASSIFICATION NUMBER
Classification number CC70 .C48
245 ## - TITLE STATEMENT
Title dictionary of terms and techniques in archaeology
Medium print
260 ## - PUBLICATION, DISTRIBUTION, ETC.
Place of publication, distribution, etc. enk
Name of publisher, distributor, etc. Phaidon
Date of publication, distribution, etc. 1980
300 ## - PHYSICAL DESCRIPTION
Extent 144 p. : ill. (some col.)
Other physical details 19 cm.
Dimensions 144 p. : ill. (some col.) ; 19 cm.
500 ## - GENERAL NOTE
General note Sara Champion.
650 ## - SUBJECT ADDED ENTRY--TOPICAL TERM
Topical term or geographic name entry element ARCHAEOLOGY
700 ## - ADDED ENTRY--PERSONAL NAME
Personal name Champion, Sara.

No items available.

OPENING HOURS

Weekdays: 0815hrs - 1800hrs
Weekends:0900hrs - 1200hrs

Closed for Mass:

Mon, Thur: 1200hrs - 1300hrs
Sunday & Public Holiday’s

CALL SUPPORT

0242-570570, 0242-570169
09200664, +263 8644140602

LOCATION

18443, Cranborne Avenue, Hatfield, Harare

Other Links


©2021 | CUZ Library